| 000 | 01174cam a2200289 a 4500 | ||
|---|---|---|---|
| 005 | 20160112063619.0 | ||
| 008 | 090814s2007 ck a r 100 0 spa d | ||
| 020 | _a9789588317229 | ||
| 020 | _a9789588317236 | ||
| 040 |
_aCO-BoPUJ _cCO-BoIAVH _dCO-BoIAVH |
||
| 041 | 0 | _aspa | |
| 044 | _ack | ||
| 082 | 0 | 4 |
_a634.99 _bA74m |
| 100 | 1 | _aLinares Prieto, Ricardo | |
| 245 | 1 | 0 | _aCartilla para el manejo de los bosques naturales de Tarapacá |
| 246 | 1 | 0 | _aProyecto manejo integral y sostenible de los Bosques de Tarapacá (Amazonas). |
| 260 |
_aBogotá : _bInstituto Amazónico de Investigaciones Científicas, _c2007. |
||
| 300 |
_a54 páginas : _bIlustraciones ; _c30 x 22 cm. |
||
| 504 | _aIncluye referencias bibliográficas. | ||
| 650 | 1 | 4 |
_aProductos forestales no leñosos _zTarapaca (Amazonas) |
| 650 | 2 | 4 |
_aProductos forestales _zTarapaca (Amazonas) |
| 650 | 2 | 4 |
_aSelva lluviosa _zTarapaca (Amazonas) |
| 650 | 2 | 4 | _aAdministración forestal |
| 700 | 1 | _aVenegas Villegas, Geoffrey | |
| 740 | 0 | _aManual de identificación, selección y evaluación de oferta de productos forestales no maderables | |
| 942 |
_2ddc _cLIBRO |
||
| 999 |
_c6651 _d6651 |
||